| 000 | 01344nam0a22002771 4500 | ||
|---|---|---|---|
| 001 | rc\2813073 | ||
| 005 | 20260406141637.0 | ||
| 035 | _a(NLR Aleph) 006938889 | ||
| 090 |
_a7624349 _c7624349 |
||
| 100 | _a20110915d1944 u y0rusy50 ca | ||
| 101 | 0 | _arus | |
| 102 | _aRU | ||
| 105 | _ay z ||||| | ||
| 200 | 1 |
_aИсторическая победа советского народа _e(Сб. статей из центр. газ., посвящ. призывам ЦК ВКП(б), докладу и приказу тов. Сталина о 27-й годовщине Великой Октябр. соц. революции) |
|
| 210 |
_aАлма-Ата _cКазах. объедин. гос. изд-во _d1944 _gтип. № 1 |
||
| 215 |
_a89 с., включ. 1 с. обл., без тит. л. _d20 см. |
||
| 225 | 1 | _aВ помощь пропагандисту и агитатору | |
| 702 | 1 |
_4570 _7ca _8rus _aСталин _bИ. В. _f1879-1953 _gИосиф Виссарионович _9113460 _3RU\NLR\AUTH\773464 |
|
| 801 | 0 |
_aRU _bNLR _gpsbo |
|
| 801 | 1 |
_aRU _bELAR _2rusmarc |
|
| 852 |
_aNLR _jИр50 Г-4/462 |
||
| 942 | _cBOOK | ||
| 945 |
_aРоссийская национальная библиотека _aНациональная библиотека Республики Казахстан |
||
| 980 | _aNB | ||
| 980 | _aBV | ||